000 00304nam a22001337a 4500
008 180302b xxu||||| |||| 00| 0 eng d
020 _a9781565335196
041 _aeng
080 _a610.73
100 _a2
101 _aINF
245 _aPN Adult Medical Surgical Nursing
_cKnippa, A
942 _2udc
_cBK
999 _c43973
_d43973